000 00573cam a22002053a 4500
001 43170
003 PGUSA
005 20140828084000.0
008 130709s2013||||xxu|||||s|||||000 | eng d
040 _aPGUSA
_beng
042 _adc
100 1 _aPeard, Frances Mary,
_d1835-1923
245 1 0 _aPrentice Hugh
_h[electronic resource] /
_cFrances Mary Peard
260 _bProject Gutenberg,
_c2013
506 _aPublic domain in the USA.
516 _aElectronic text
830 0 _aProject Gutenberg
_v43170
856 4 0 _uhttp://www.gutenberg.org/ebooks/43170
942 _cEB
999 _c272421
_d272421